00881nam a2200229 i 4500001001000000003000900010005001700019007000300036008004100039040003000080041000800110082002300118111010300141245006700244260005700311300004400368336002700412337003300439338002800472500012900500650002200629000047653DO-SdBNP20260204083255.0ta180713s2016 dr a r 000 0 spa d aDO-SdBNPbspacBNPHUerda aspa 4aRD862.5bF418m2222 aFestival Internacional de Teatron2 :d(2017 Nov. 15-25 :cSanto Domingo, República Dominicana )10aFestival internacional de treatro :bmujeres sobre las tablas. aSanto Domingo :bFundación absoluto Teatro,c2017. a12 páginas :bilustraciones ;c22 cm. atextobtxt2rdacontent asin mediaciónbn2rdamedia avolumenbnc2rdacarrier aEn conmemoración del 25 de noviembre: Día Internacional de la No Violencia Contra la Mujer. País invitado: El Salvador 4aTeatro dominicano